[Event "Fuerstenfeld U18 op 6th"]
[Site "Fuerstenfeld"]
[Date "2023.07.20"]
[Round "1"]
[White "Kryvosheiev, Nikita"]
[Black "Bardics, Marko"]
[Result "0-1"]
[WhiteElo "1040"]
[BlackElo "1561"]
[PlyCount "120"]
[EventDate "2023.07.20"]
[EventType "swiss"]
[EventRounds "7"]
[EventCountry "AUT"]
[SourceTitle "CBM 215 Extra"]
[Source "ChessBase"]
[SourceDate "2023.09.30"]
[SourceVersion "1"]
[SourceVersionDate "2023.09.30"]
[SourceQuality "1"]

1. d4 d5 2. c4 e6 3. Nc3 Nf6 4. Bg5 Nbd7 5. a3 c6 6. cxd5 exd5 7. Nf3 Be7 8. e3 0-0 9. Be2 Re8 10. 0-0 Nf8 11. Re1 Bf5 12. Bd3 Ne4 13. Bxe7 Qxe7 14. Bxe4 dxe4 15. Nd2 Rad8 16. Qe2 Qg5 17. f4 Qg6 18. Kh1 Nd7 19. Nf1 Nf6 20. h3 h5 21. Nh2 h4 22. Qf2 Qh6 23. Nf1 Nd5 24. Nxd5 Rxd5 25. Rac1 f6 26. Nh2 Be6 27. Rc5 Rxc5 28. dxc5 Rd8 29. Qc2 f5 30. Rd1 Qf6 31. Rxd8+ Qxd8 32. Kg1 Qd5 33. b4 Qb3 34. Qxb3 Bxb3 35. Kf2 Kf7 36. Ke2 Ke6 37. Kd2 Kd5 38. Kc3 Bc4 39. Kd2 Bd3 40. Kc3 Bc4 41. Kd2 a5 42. Kc3 a4 43. Kd2 Bd3 44. Kc3 g6 45. Kb2 Kc4 46. Ng4 fxg4 47. hxg4 Bf1 48. f5 gxf5 49. g5 Kd5 50. g6 Ke6 51. g7 Kf7 52. Kc2 Bxg2 53. Kd2 h3 54. Ke2 h2 55. b5 h1Q 56. bxc6 Qf1+ 57. Kd2 Qd3+ 58. Ke1 Bf3 59. Kf2 Qe2+ 60. Kg3 bxc6 0-1

[Event "HUN-chT2 Szechenyi 2223"]
[Site "Hungary"]
[Date "2023.03.12"]
[Round "7.9"]
[White "Bardics, Marko"]
[Black "Kiss, Gergely"]
[Result "1/2-1/2"]
[WhiteElo "1515"]
[BlackElo "1724"]
[PlyCount "81"]
[EventDate "2022.11.20"]
[EventType "team-tourn"]
[EventRounds "9"]
[EventCountry "HUN"]
[SourceTitle "EXT 2025"]
[Source "ChessBase"]
[SourceDate "2024.10.14"]
[SourceVersion "1"]
[SourceVersionDate "2024.10.14"]
[SourceQuality "1"]
[WhiteTeam "Haladas III"]
[BlackTeam "Tapolca VSE II"]
[WhiteTeamCountry "HUN"]
[BlackTeamCountry "HUN"]

1. e4 c6 2. d4 d5 3. Nc3 dxe4 4. Nxe4 Nf6 5. Nxf6+ exf6 6. Nf3 Bd6 7. Bd3 Bg4 8. 0-0 0-0 9. Re1 Nd7 10. h3 Bh5 11. c4 Re8 12. Re4 Rxe4 13. Bxe4 Qe7 14. Bd3 Bxf3 15. Qxf3 Qe1+ 16. Bf1 Bh2+ 17. Kxh2 Qxf1 18. b3 Re8 19. Bb2 Qe2 20. Qf5 Nb6 21. Bc3 Qe6 22. Qf4 Qc8 23. Re1 Re6 24. Re4 Rxe4 25. Qxe4 Qc7+ 26. g3 Qd7 27. Bb4 h6 28. Kg2 g5 29. Qe7 Qxe7 30. Bxe7 f5 31. Kf3 Kg7 32. h4 Kg6 33. Ke3 f6 34. Kf3 Nd7 35. Bd6 Kh5 36. hxg5 fxg5 37. Be7 Kg6 38. Bb4 Nf6 39. Bc5 a6 40. Bb4 Kg7 41. Bc5 1/2-1/2

[Event "Gyor Amateur op 22nd"]
[Site "Gyor"]
[Date "2023.03.05"]
[Round "6"]
[White "Bardics, Marko"]
[Black "Vasenszky, Zoltan Gyorgy"]
[Result "1/2-1/2"]
[WhiteElo "1515"]
[BlackElo "1434"]
[PlyCount "58"]
[EventDate "2023.03.04"]
[EventType "swiss"]
[EventRounds "7"]
[EventCountry "HUN"]
[SourceTitle "EXT 2024"]
[Source "ChessBase"]
[SourceDate "2023.10.10"]
[SourceVersion "1"]
[SourceVersionDate "2023.10.10"]
[SourceQuality "1"]

1. e4 e6 2. d4 d5 3. Nd2 dxe4 4. Nxe4 Nd7 5. Nf3 Ngf6 6. Bd3 c5 7. dxc5 Bxc5 8. 0-0 0-0 9. Nxc5 Nxc5 10. Bc4 b6 11. Bg5 Ncd7 12. Qe2 Qc7 13. Rad1 Bb7 14. Bd3 Rfe8 15. Bxf6 Nxf6 16. Ne5 a6 17. c4 Rad8 18. Rfe1 Rd6 19. Rd2 Red8 20. Red1 Qc5 21. a3 a5 22. Bc2 g6 23. Rxd6 Rxd6 24. Rxd6 Qxd6 25. h3 Qd4 26. Bd3 Nh5 27. Qe3 Qxb2 28. Be2 Ng7 29. Nd7 Nf5 1/2-1/2

[Event "Gyor Amateur op 22nd"]
[Site "Gyor"]
[Date "2023.03.04"]
[Round "2"]
[White "Bardics, Marko"]
[Black "Librecz, Lenard"]
[Result "1-0"]
[WhiteElo "1515"]
[BlackElo "1321"]
[PlyCount "57"]
[EventDate "2023.03.04"]
[EventType "swiss"]
[EventRounds "7"]
[EventCountry "HUN"]
[SourceTitle "EXT 2024"]
[Source "ChessBase"]
[SourceDate "2023.10.10"]
[SourceVersion "1"]
[SourceVersionDate "2023.10.10"]
[SourceQuality "1"]

1. e4 c5 2. Nf3 d6 3. d4 cxd4 4. Nxd4 Nf6 5. Nc3 g6 6. Bg5 Bg7 7. Bb5+ Bd7 8. Qe2 0-0 9. 0-0-0 Nc6 10. Bxc6 bxc6 11. e5 dxe5 12. Nxc6 Qc7 13. Nxe7+ Kh8 14. Bxf6 Bxf6 15. Ned5 Bg5+ 16. Kb1 Qb8 17. Rhe1 Re8 18. Ne4 Bb5 19. c4 Ba4 20. Nxg5 Bxd1 21. Rxd1 Kg7 22. Nxf7 Kxf7 23. Qf3+ Kg7 24. Qf6+ Kg8 25. Ne7+ Rxe7 26. Qxe7 Qf8 27. Rd7 Qxe7 28. Rxe7 Rf8 29. f3 1-0

[Event "Gyor Amateur op 22nd"]
[Site "Gyor"]
[Date "2023.03.04"]
[Round "4"]
[White "Bardics, Marko"]
[Black "Livnansky, Tomas"]
[Result "1/2-1/2"]
[WhiteElo "1515"]
[BlackElo "1357"]
[PlyCount "128"]
[EventDate "2023.03.04"]
[EventType "swiss"]
[EventRounds "7"]
[EventCountry "HUN"]
[SourceTitle "EXT 2024"]
[Source "ChessBase"]
[SourceDate "2023.10.10"]
[SourceVersion "1"]
[SourceVersionDate "2023.10.10"]
[SourceQuality "1"]

1. e4 e5 2. Nf3 Nc6 3. d4 exd4 4. Nxd4 Bc5 5. Nb3 Bb6 6. Nc3 d6 7. Qe2 Nge7 8. Bg5 0-0 9. 0-0-0 Be6 10. Nd5 f6 11. Bh4 Bf7 12. f4 Nxd5 13. exd5 Nb8 14. Qf3 Re8 15. Bd3 Nd7 16. Rhe1 Nc5 17. Nxc5 Bxc5 18. Kb1 Qd7 19. Re4 Rxe4 20. Bxe4 Re8 21. Qd3 h6 22. h3 Qa4 23. Re1 Qd4 24. Qxd4 Bxd4 25. Bf3 Rxe1+ 26. Bxe1 Kf8 27. Be4 Ke7 28. c3 Bb6 29. Kc2 g6 30. Kd3 f5 31. Bf3 Kf6 32. c4 g5 33. Bc3+ Kg6 34. fxg5 hxg5 35. Bd4 Bxd4 36. Kxd4 Kf6 37. b4 Ke7 38. c5 b6 39. a4 Kd8 40. Be2 Ke7 41. cxb6 cxb6 42. g3 Bg6 43. Bd3 Be8 44. b5 Bd7 45. Be2 Kf6 46. Bf3 f4 47. g4 Ke7 48. Ke4 Kf6 49. Be2 Ke7 50. h4 Kf6 51. h5 Ke7 52. Bf3 Kf6 53. Kd4 Ke7 54. Kc4 Kf6 55. Kd4 Ke7 56. Be2 Kf6 57. Ke4 Ke7 58. Bf3 Kf6 59. Kd4 Ke7 60. Kc4 Kf6 61. Kd4 Ke7 62. Ke4 Kf6 63. Kd4 Ke7 64. Be2 Kf6 1/2-1/2

[Event "Gyor Amateur op 22nd"]
[Site "Gyor"]
[Date "2023.03.04"]
[Round "1"]
[White "Vizkeleti, Peter"]
[Black "Bardics, Marko"]
[Result "0-1"]
[WhiteElo "1129"]
[BlackElo "1515"]
[PlyCount "130"]
[EventDate "2023.03.04"]
[EventType "swiss"]
[EventRounds "7"]
[EventCountry "HUN"]
[SourceTitle "EXT 2024"]
[Source "ChessBase"]
[SourceDate "2023.10.10"]
[SourceVersion "1"]
[SourceVersionDate "2023.10.10"]
[SourceQuality "1"]

1. d4 d5 2. Nf3 Nf6 3. Bf4 c5 4. Bxb8 Rxb8 5. c3 e6 6. e3 Qb6 7. Qc2 Be7 8. Nbd2 0-0 9. Be2 Qc7 10. b3 b6 11. Rc1 Bb7 12. a4 Bd6 13. c4 Qe7 14. 0-0 Rbc8 15. Qb1 Rfd8 16. Rfe1 Ne4 17. Bd3 Nf6 18. e4 dxe4 19. Nxe4 Nxe4 20. Bxe4 cxd4 21. Bxh7+ Kf8 22. Be4 Bxe4 23. Rxe4 Qf6 24. Rd1 e5 25. Qd3 Re8 26. Rde1 Re6 27. Qd2 Qf5 28. Qg5 Qxg5 29. Nxg5 Rg6 30. Nf3 f6 31. Rd1 Bb4 32. Ne1 Bxe1 33. Rexe1 Ke7 34. Rxd4 Rd8 35. Rd5 Rxd5 36. cxd5 Kd6 37. Rd1 Rg4 38. f3 Rd4 39. Rc1 Rxd5 40. Rc8 Rc5 41. Ra8 a5 42. Rg8 Rc7 43. Rh8 Kd5 44. Rd8+ Kc5 45. Rd3 Kb4 46. Kf2 Rc2+ 47. Kg3 Rc3 48. Rd7 g5 49. Rd6 Kxb3 50. Rxb6+ Kxa4 51. Rxf6 Kb4 52. Rf5 e4 53. Rxg5 e3 54. h4 a4 55. Rg8 a3 56. Ra8 Rc5 57. f4 Ra5 58. Rd8 a2 59. Rd1 e2 60. Ra1 Kc3 61. Kf2 Kd2 62. h5 Ra4 63. g3 Ra3 64. h6 e1Q+ 65. Rxe1 Rf3+ 0-1

[Event "HUN-chT2 Szechenyi 2223"]
[Site "Hungary"]
[Date "2023.02.12"]
[Round "5.11"]
[White "Bardics, Marko"]
[Black "Nagy, Benedek"]
[Result "0-1"]
[WhiteElo "1450"]
[BlackElo "1613"]
[PlyCount "56"]
[EventDate "2022.11.20"]
[EventType "team-tourn"]
[EventRounds "9"]
[EventCountry "HUN"]
[SourceTitle "EXT 2025"]
[Source "ChessBase"]
[SourceDate "2024.10.14"]
[SourceVersion "1"]
[SourceVersionDate "2024.10.14"]
[SourceQuality "1"]
[WhiteTeam "Haladas III"]
[BlackTeam "Csuti Baki Agrocentrum"]
[WhiteTeamCountry "HUN"]
[BlackTeamCountry "HUN"]

1. e4 c5 2. Nf3 d6 3. d4 cxd4 4. Nxd4 Nf6 5. f3 g6 6. c4 Bg7 7. Nc3 0-0 8. Be3 Nc6 9. Qd2 Nxd4 10. Bxd4 Be6 11. Rc1 Rc8 12. b3 Qa5 13. Be2 Nd7 14. 0-0 Bxd4+ 15. Qxd4 Qc5 16. Qxc5 Nxc5 17. Nd5 Bxd5 18. exd5 a5 19. Rc3 e5 20. dxe6 fxe6 21. Rd1 Rfd8 22. f4 d5 23. cxd5 exd5 24. Bg4 Rc6 25. Bf3 Ne6 26. Re3 Rcd6 27. Rxe6 Rxe6 28. Bxd5 Kf8 0-1

[Event "HUN-chT2 Szechenyi 2223"]
[Site "Hungary"]
[Date "2023.01.29"]
[Round "4.11"]
[White "Holczbauer, Florian"]
[Black "Bardics, Marko"]
[Result "1-0"]
[WhiteElo "1709"]
[BlackElo "1458"]
[PlyCount "91"]
[EventDate "2022.11.20"]
[EventType "team-tourn"]
[EventRounds "9"]
[EventCountry "HUN"]
[SourceTitle "EXT 2025"]
[Source "ChessBase"]
[SourceDate "2024.10.14"]
[SourceVersion "1"]
[SourceVersionDate "2024.10.14"]
[SourceQuality "1"]
[WhiteTeam "Sentimento Ajka BSK III"]
[BlackTeam "Haladas III"]
[WhiteTeamCountry "HUN"]
[BlackTeamCountry "HUN"]

1. d4 d5 2. Nf3 Nf6 3. c4 e6 4. Nc3 c6 5. Bg5 Nbd7 6. e3 Be7 7. Bd3 b6 8. 0-0 Bb7 9. e4 dxe4 10. Nxe4 c5 11. Re1 Nxe4 12. Bxe7 Qxe7 13. Bxe4 Bxe4 14. Rxe4 Nf6 15. Qa4+ Qd7 16. Qxd7+ Kxd7 17. Re2 cxd4 18. Rd1 Ke7 19. Nxd4 Rhc8 20. b3 Rc5 21. f4 Kf8 22. Nb5 Ke7 23. Red2 Rxb5 24. cxb5 Nd5 25. Rc1 Kd7 26. g3 Rc8 27. Rxc8 Kxc8 28. Kf2 Kc7 29. f5 Kd6 30. fxe6 fxe6 31. Kf3 Ke5 32. a4 g5 33. h4 g4+ 34. Kxg4 Ke4 35. Rf2 Ke3 36. Rf7 e5 37. Kf5 e4 38. Ke5 Nb4 39. g4 Nd3+ 40. Kd5 Nf4+ 41. Kc6 Kf3 42. Rxa7 Nd3 43. Re7 Nb4+ 44. Kb7 Nd5 45. Re5 Nc3 46. Kxb6 1-0

[Event "Fuerstenfeld U18 op 5th"]
[Site "Fuerstenfeld"]
[Date "2022.07.24"]
[Round "6"]
[White "Broneder, Kurt1"]
[Black "Bardics, Marko"]
[Result "1-0"]
[WhiteElo "1609"]
[BlackElo "1353"]
[PlyCount "59"]
[EventDate "2022.07.21"]
[EventType "swiss"]
[EventRounds "7"]
[EventCountry "AUT"]
[SourceTitle "CBM 209 Extra"]
[Source "ChessBase"]
[SourceDate "2022.09.30"]
[SourceVersion "1"]
[SourceVersionDate "2022.09.30"]
[SourceQuality "1"]

1. d4 Nf6 2. Bf4 c5 3. c3 cxd4 4. Qxd4 Nc6 5. Qd1 e5 6. Bg3 Bc5 7. e3 a6 8. Nf3 Qe7 9. Nbd2 d5 10. Nb3 Ba7 11. Be2 0-0 12. Qc2 Bg4 13. 0-0 Rac8 14. Rfe1 Rfd8 15. Rad1 Bh5 16. Bh4 Bg6 17. Qd2 h6 18. h3 Qe6 19. Bxf6 Qxf6 20. Rc1 Be4 21. Red1 Kh8 22. Qe1 Ne7 23. Nbd2 Bh7 24. Nb3 Bb8 25. c4 Qd6 26. g3 Qe6 27. cxd5 Qxh3 28. d6 Nc6 29. Nc5 e4 30. Nh2 1-0

[Event "Fuerstenfeld U18 op 5th"]
[Site "Fuerstenfeld"]
[Date "2022.07.22"]
[Round "2"]
[White "Bendl, Felix"]
[Black "Bardics, Marko"]
[Result "1-0"]
[WhiteElo "1659"]
[BlackElo "1353"]
[PlyCount "82"]
[EventDate "2022.07.21"]
[EventType "swiss"]
[EventRounds "7"]
[EventCountry "AUT"]
[SourceTitle "CBM 209 Extra"]
[Source "ChessBase"]
[SourceDate "2022.09.30"]
[SourceVersion "1"]
[SourceVersionDate "2022.09.30"]
[SourceQuality "1"]

1. e4 c5 2. Nf3 d6 3. Bb5+ Bd7 4. Bxd7+ Qxd7 5. d3 g6 6. 0-0 Nc6 7. c3 Bg7 8. Be3 Nf6 9. h3 0-0 10. Qc2 Rac8 11. Nbd2 Rfd8 12. Rfe1 b5 13. Rad1 Qb7 14. b3 b4 15. c4 Nd7 16. Nf1 e5 17. Bc1 Nf8 18. Bb2 Ne6 19. Ne3 a5 20. Ra1 Ra8 21. g3 Qd7 22. Kg2 Ra6 23. Nd5 Rda8 24. a3 Qb7 25. a4 Rc8 26. Rh1 Ne7 27. Ne3 f5 28. exf5 gxf5 29. Qe2 f4 30. Ng4 Rf8 31. Rhf1 fxg3 32. fxg3 Ng6 33. Kh2 Raa8 34. Nd2 Ne7 35. Ne4 Qc6 36. Ngf6+ Kh8 37. Qh5 Rxf6 38. Nxf6 Bxf6 39. Rxf6 Rf8 40. Rxf8+ Nxf8 41. Rf1 Neg6 1-0

[Event "Mosonmagyarovar Polip Kupa-C 2nd"]
[Site "Mosonmagyarovar"]
[Date "2022.07.09"]
[Round "3"]
[White "Bardics, Marko"]
[Black "Fulop, Julia Paula"]
[Result "1-0"]
[WhiteElo "1353"]
[BlackElo "1246"]
[PlyCount "107"]
[EventDate "2022.07.09"]
[EventType "swiss"]
[EventRounds "4"]
[EventCountry "HUN"]
[SourceTitle "EXT 2023"]
[Source "ChessBase"]
[SourceDate "2022.10.05"]
[SourceVersion "1"]
[SourceVersionDate "2022.10.05"]
[SourceQuality "1"]

1. e4 c5 2. Nf3 g6 3. c4 Bg7 4. d4 b6 5. Nc3 Bb7 6. Be3 d6 7. Rc1 Nf6 8. Bd3 Nc6 9. d5 Nb4 10. Bb1 Ng4 11. Bf4 0-0 12. 0-0 Ba6 13. b3 Qd7 14. a3 Nxd5 15. exd5 Rfe8 16. Qc2 Rad8 17. Rcd1 h6 18. h3 Nf6 19. Rfe1 Kf8 20. Bg3 Kg8 21. Bh2 Kh8 22. Ne4 Bb7 23. Nxf6 Bxf6 24. Re2 Bc8 25. Bf4 Kh7 26. Rde1 Bb7 27. Qd2 Bg7 28. Qc2 Ba8 29. Bc1 Rc8 30. Bb2 Bf8 31. Qc3 f6 32. Qd3 f5 33. Qc3 e5 34. dxe6 Qg7 35. Qxg7+ Bxg7 36. Bxg7 Kxg7 37. Nd2 Re7 38. Nf1 Rce8 39. f3 d5 40. Re5 d4 41. Bd3 Kf6 42. Ng3 Kg5 43. Nf1 Kf6 44. Nd2 Kg5 45. a4 Kf6 46. Nb1 Bc6 47. Na3 a6 48. Kf2 Kg5 49. g4 Kh4 50. gxf5 gxf5 51. Bxf5 Rf8 52. Bg4 Rxf3+ 53. Bxf3 Be8 54. R1e4+ 1-0

[Event "HUN--chT U12"]
[Site "Budapest"]
[Date "2019.10.28"]
[Round "5.4"]
[White "Bardics, Marko"]
[Black "Kerekes, Laszlo Fulop"]
[Result "0-1"]
[WhiteElo "1010"]
[BlackElo "1369"]
[PlyCount "34"]
[EventDate "2019.10.26"]
[EventType "team-swiss"]
[EventRounds "7"]
[EventCountry "HUN"]
[SourceTitle "CBM 192 Extra"]
[Source "Chessbase"]
[SourceDate "2019.11.06"]
[SourceVersion "1"]
[SourceVersionDate "2019.11.06"]
[SourceQuality "1"]
[WhiteTeam "Szombathelyi"]
[BlackTeam "Baptista Sakkiskola"]
[WhiteTeamCountry "HUN"]
[BlackTeamCountry "HUN"]

1. e4 e5 2. Nf3 Nc6 3. d4 exd4 4. Nxd4 Nf6 5. Nc3 Bb4 6. Qd3 0-0 7. Bd2 Re8 8. 0-0-0 Bxc3 9. Nxc6 bxc6 10. Bxc3 Nxe4 11. Qd4 Qg5+ 12. Kb1 c5 13. Qd5 Nxc3+ 14. bxc3 Rb8+ 15. Ka1 Qxd5 16. Rxd5 Re1+ 17. Rd1 Rxd1# 0-1